<?xml version="1.0" encoding="UTF-8"?>
<marc:record xmlns:marc="http://www.loc.gov/MARC21/slim">
   <marc:leader>00000nam a2200000 a 4500</marc:leader>
   <marc:datafield ind1="1" ind2=" " tag="100">
      <marc:subfield code="a">Tyce, Harriet</marc:subfield>
      <marc:subfield code="4">aut</marc:subfield>
      <marc:subfield code="e">Verfasser/-in</marc:subfield>
   </marc:datafield>
   <marc:datafield ind1="0" ind2="0" tag="245">
      <marc:subfield code="a">Lügen können töten</marc:subfield>
   </marc:datafield>
   <marc:datafield ind1="0" ind2="0" tag="245">
      <marc:subfield code="b">Roman</marc:subfield>
   </marc:datafield>
   <marc:datafield ind1=" " ind2="1" tag="264">
      <marc:subfield code="b">Diana</marc:subfield>
      <marc:subfield code="c">6</marc:subfield>
   </marc:datafield>
   <marc:datafield ind1="1" ind2=" " tag="520">
      <marc:subfield code="a">Um das Testament ihrer verhassten Mutter zu erfüllen, zieht die Juristin Sadie mit Tochter Robin zurück nach London in ihr Elternhaus. Sie meldet Robin sogar an ihrer alten, ungeliebten Eliteschule an. Doch der Neustart läuft schlecht, die Mütter der Schule mobben sie und dunkle Gerüchte kursieren.</marc:subfield>
   </marc:datafield>
   <marc:datafield ind1=" " ind2=" " tag="020">
      <marc:subfield code="a">9783453440890</marc:subfield>
      <marc:subfield code="9">9783453440890</marc:subfield>
   </marc:datafield>
</marc:record>
